000 00485nam a22001697a 4500
003 KOHA_MİRAKIL
005 20241003090903.0
008 241003b tu ||||| |||| 00| 0 tur d
040 _aTR-AnABB
_btur
_cTR-AnABB
041 _atur
082 _a956.511
_bTAR 1981
245 0 0 _aTarih içinde Ankara /
_cderleyen: Ayşıl Tükel Yavuz
260 _aAnkara :
_bODTÜ Mimarlık Fakültesi,
_c1981
300 _a335 sayfa ;
_c28 cm
650 0 0 _aTarih,
_zAnkara
942 _2ddc
_cBK
999 _c7738
_d7738
900 _bCan Çelik